Top 30 NBA players of all time - Statistics

General Stats
  • This quiz has been taken 50 times
  • The average score is 22 of 30
Answer Stats
# Joueur % Correct
2 LeBron James
100%
4 Earvin "Magic" Johnson
95%
1 Michael Jordan*
95%
10 Kobe Bryant
93%
3 Kareem Abdul-Jabbar
91%
22 John Stockton
88%
5 Larry Bird
86%
13 Jerry West
84%
9 Shaquille O'Neal
84%
6 Tim Duncan
84%
7 Bill Russell
81%
20 John Havlicek
81%
12 Stephen Curry
81%
8 Wilt Chamberlain
79%
17 Dirk Nowitzki
77%
19 Karl Malone
77%
16 Kevin Durant
77%
15 Moses Malone
74%
11 Hakeem Olajuwon
70%
27 Scottie Pippen
70%
25 David Robinson
67%
24 Charles Barkley
65%
23 Julius Erving
58%
26 Kevin Garnett
56%
14 Oscar Robertson
56%
21 Isiah Thomas
51%
18 Bob Cousy
49%
29 Patrick Ewing
49%
30 Elgin Baylor
47%
28 George Mikan
35%
No matching quizzes found
Score Distribution
Percent of People with Each Score
Percentile by Number Answered
Your Score History
You have not taken this quiz